Imitación y verdad
Saved in:
| Hovedforfatter: | |
|---|---|
| Format: | Bog |
| Sprog: | spansk |
| Udgivet: |
Madrid
Casimiro
2014
|
| Udgivelse: | 1a. ed |
| Fag: | |
| Tags: |
Tilføj Tag
Ingen Tags, Vær først til at tagge denne postø!
|
MARC
| LEADER | 00000cam a2200000 a 4500 | ||
|---|---|---|---|
| 001 | UCE6300 | ||
| 003 | CL-VaPUC | ||
| 008 | 150402e20140000sp |||||||||||||||||spa|d | ||
| 020 | |a 9788415715511 | ||
| 082 | 0 | 4 | |a 701.17 |b RUS |2 21 |
| 100 | 0 | |a Ruskin, John |e author |9 578958 | |
| 245 | 1 | 0 | |a Imitación y verdad |
| 250 | |a 1a. ed | ||
| 300 | |a 75 p | ||
| 942 | |c BK | ||
| 945 | |d 20150402 11:08:00 |a arojas | ||
| 260 | |a Madrid |b Casimiro |c 2014 | ||
| 650 | 0 | |a Estética |9 264950 | |
| 650 | 0 | |a Belleza |9 265712 | |
| 583 | |a last modification |c 20191002 12:06:37 |k Rodrigo Vera | ||
| 999 | |c 358653 |d 358651 | ||
| 952 | |0 0 |1 0 |3 erb |4 0 |6 701_170000000000000_RUS_2014 |7 0 |8 A |9 467500 |a BIBART |b BIBART |i 5143500 |o 701.17 RUS 2014 |p 5143500 |r 2025-03-13 |w 2019-11-23 |y BK |z Catalogado en:20150402 |k ART | ||